000 00564nam a2200217Ia 4500
003 OSt
005 20220928141719.0
006 a|||||r|||| 00| 0
007 ta
008 220927b |||||||| |||| 00| 0 eng d
024 _a17024
037 _cTextual
040 _aSDCL
_cSDCL
_beng
041 _2eng
_aeng
082 _aD651:915, M4
100 _aFu King-sun Ed.
_9473498
245 0 _aVLSI for pattern recognition and image processing.
260 _c1984
942 _hD651:915, M4
_cTEXL
_2CC
999 _c819350
_d819350